000 00638cab a2200241 4500
001 WB2741-45
008 090401t1991 xxu||||| |||| 00| 0 eng d
035 _a(Sirsi) u20909
041 _aeng
245 _aBirmingham
260 _c1991
300 _aLOAN
350 _a0
490 _aFinancial Times
_v18 October 1991, 19-22(4)
520 _aThis special feature on Birmingham includes an assessment of urban renewal policies in the city.
650 _aBIRMINGHAM HEARTLANDS
650 _aBIRMINGHAM
650 _aRECESSION
650 _aURBAN RENEWAL
690 _aSPECIAL REPORTS
942 _n0
948 _c04/03/1997
999 _c14018
_d14018